000 03772nam0a2200457 4500
001 RU\NLR\BIBL_A\022008971
005 20250625084017.0
010 _a978-5-7205-1954-4
_9500
021 _aRU
_b2023-45417
_9КН-П-4542
035 _a(RuMoRGB)011944160
035 _a(NLR Aleph) 022008971
090 _a12477943
_c12477943
100 _a20230822d2023 |||y0rusy50 ca
101 0 _arus
_deng
102 _aRU
105 _ay|||z|||000zy
181 0 _ai3
_baxxe
182 0 _an
200 1 _aКонвергенция частноправового регулирования общественных отношений сквозь призму эффективности права
_dConvergence of private law regulation of public relations through the prism of the effectiveness of law
_eмонография
_fК. А. Абдуллаев, А. В. Абрамова, Э. А. Абызова [и др.]
_gответственные редакторы: доктор юридических наук, профессор А. Н. Левушкин, кандидат юридических наук, доцент Э. Х. Надысева
_gГосударственный университет просвещения
_zeng
203 _aТекст
_bвизуальный
_cнепосредственный
210 _aМосква
_cЮстицинформ
_d2023
215 _a671 с.
_cтабл.
_d22
300 _aАвт. указаны на обороте тит. с. в макете
300 _aРез. англ.
320 _aБиблиогр. в конце разд. и в подстроч. примеч.
330 _aВ монографии изложены теоретические подходы и концепции, аналитическая информация, предложены практические решения отдельных проблем конкретных областях частноправовой юридической науки с точки зрения эффективности правоприменения на основе конвергенции норм права. Издание может быть интересно ученым, руководителям и служащим государственного аппарата, учреждений и хозяйственных организаций, юрисконсультам, сотрудникам правоохранительных органов, педагогам, аспирантам, студентам высших учебных учреждений и всем, кто интересуется проблемами новаций в российской правовой системе. Законодательство представлено на 01.04.2023 г
333 _a16+
510 1 _aConvergence of private law regulation of public relations through the prism of the effectiveness of law
_zeng
606 1 _aГражданское право
_9894778
_3RU\NLR\AUTH\664054
686 1 _aХ623
686 1 _aХ83
701 1 _aАбдуллаев
_bК. А.
701 1 _7ca
_8rus
_aАбрамова
_bА. В.
_cюрист
_gАнастасия Викторовна
_9260178
_3RU\NLR\AUTH\770260234
701 1 _aАбызова
_bЭ. А.
702 1 _4340
_aЛевушкин
_bА. Н.
_gАнатолий Николаевич
_9142860
_3RU\NLR\AUTH\770142896
712 0 2 _4570
_aГосударственный университет просвещения
_cМосква/Мытищи
_9849535
_3RU\NLR\AUTH\880592018
942 _cBOOK
980 _aNB